Geography Quiz

Random Geography or State Quiz

4 to 13 Letter 'P' Places Quiz Stats

 Plays Quiz Updated Nov 17, 2017

Challenge
Share
Tweet
Embed
Score 0/10 Timer 02:00
0 Plays Today
Clue 'P'-Place % Correct
South American countryPeru
98.7%
European capitalParis
89.7%
One of the two countries that claims the territory of KashmirPakistan
88.7%
Sixth most populated US statePennsylvania
83.2%
Northwestern state of India with Sikh religious majorityPunjab
60.6%
Island nation where Magellan was killedPhilippines
55.9%
World capital that includes its country's namePanama City
46.9%
Largest city on the largest island in the MediterraneanPalermo
44.2%
One of Asia's smallest countries in terms of areaPalestine
43.1%
South African coastal city nicknamed 'The Bay'Port Elizabeth
14.4%

You're not logged in!

Compare scores with friends on all Sporcle quizzes.
OR
Log In

You Might Also Like...

Show Comments

Extras

Top Quizzes Today


Score Distribution

Your Account Isn't Verified!

In order to create a playlist on Sporcle, you need to verify the email address you used during registration. Go to your Sporcle Settings to finish the process.

Report this User

Report this user for behavior that violates our Community Guidelines.

Details: